The conceptual basis of the foreign policy of the Czech Republic

Korporativní autor: Česko. Ministerstvo zahraničních věcí
Jazyk: Angličtina
Vydáno: Prague : Institute of international relations, 1999
Témata:
Fyzický popis: 24 s. ; 27 cm
Knihy
Uloženo v:
LEADER 01110nam a2200325 a 4500
001 000438709
003 CZ BrMZK
005 20201116151312.0
007 ta
008 990315s1999 xr e f 0 eng d
015 |a cnb000739331 
020 |a 80-85864-67-3 
035 |a (OCoLC)84978526 
040 |a BOA001  |b cze 
043 |a e-xr--- 
072 7 |a 327  |x Mezinárodní vztahy, světová politika  |2 Konspekt  |9 15 
080 |a 327  |2 MRF 
080 |a (437.3)  |2 MRF 
080 |a (036)  |2 MRF 
245 0 4 |a The conceptual basis of the foreign policy of the Czech Republic 
260 |a Prague :  |b Institute of international relations,  |c 1999 
300 |a 24 s. ;  |c 27 cm 
550 |a Vyd.: Ministerstvo zahraničích věcí České republiky 
650 0 7 |a zahraniční politika  |7 ph127522  |z Česko  |2 czenas 
655 7 |a informační publikace  |7 fd132454  |2 czenas 
710 1 |a Česko.  |b Ministerstvo zahraničních věcí  |7 kn20010725023 
910 |a BOA001  |b 3-1063.607 
990 |a BK 
991 |b 200707 
996 6 |b 2610101119  |c 3-1063.607  |l MZK  |r Sklad / do 1 hodiny  |n 13  |p p.v.  |w 000438709  |u 000010  |a 1  |e BOA001  |j MZK50  |s P